Un tributo a Coahuila /
Conjunto de ocho interpretaciones de Takinkai, grupo folklórico formado en 1978, de música popular coahuilense, acompañados de varias compañías de danza: 1) "Rosita Alvírez", corrido; 2) "Jarabe pateño", originario de la antigua Hacienda de Patos; 3) "Que le echen agua", redova de dominio popular; 4...
Guardat en:
| Autor corporatiu: | , , |
|---|---|
| Altres autors: | , , , , , , , , |
| Format: | Actes de congresos |
| Idioma: | espanyol |
| Col·lecció: | (Muestra Nacional de Televisión y Video de las Instituciones de Educación Superior ; Categoría Documental)
2010. (Muestra Nacional de Televisión y Video de las Instituciones de Educación Superior ; UAdeC) 2010. |
| Matèries: | |
| Etiquetes: |
Sense etiquetes, Sigues el primer a etiquetar aquest registre!
|
MARC
| LEADER | 00000ngm^a2200000^a^4500 | ||
|---|---|---|---|
| 001 | 000342119 | ||
| 005 | 20250521000000.0 | ||
| 009 | 20260310114542.384 | ||
| 037 | |a Acervo ITESO - Biblioteca | ||
| 041 | |a ESP | ||
| 082 | |a 302. 234420972 |b REU MUE 2010 V. 88 | ||
| 110 | |a Takinkai (Grupo) |e (ejecución musical) | ||
| 240 | 1 | 1 | |a [Bella Italia] |
| 240 | 1 | 1 | |a [Cuadrillas] |
| 240 | 1 | 1 | |a [De Torreón a Lerdo] |
| 240 | 1 | 1 | |a [Jarabe pateño] |
| 240 | 1 | 1 | |a [Parras Paila] |
| 240 | 1 | 1 | |a [Que le echen agua] |
| 240 | 1 | 1 | |a [Rosita Alvírez] |
| 240 | 1 | 1 | |a [San Buenaventura] |
| 240 | 1 | 1 | |a [Muestra Nacional de Televisión y Video de las Instituciones de Educación Superior 2010: producciones de la categoría documental] |
| 240 | 1 | 1 | |a [Muestra Nacional de Televisión y Video de las Instituciones de Educación Superior 2010: producciones de la UAdeC] |
| 240 | 1 | 1 | |a [Muestra Nacional de Televisión y Video de las Instituciones de Educación Superior 2010] |
| 240 | 1 | 1 | |a [Muestra Nacional de Televisión y Video de las Instituciones de Educación Superior: producciones de la categoría documental] |
| 240 | 1 | 1 | |a [Muestra Nacional de Televisión y Video de las Instituciones de Educación Superior: producciones de la UAdeC] |
| 240 | 1 | 1 | |a [Muestra Nacional de Televisión y Video de las Instituciones de Educación Superior] |
| 245 | 1 | 3 | |a Un tributo a Coahuila / |c Ejecución musical de Takinkai ; ejecución dancística de Ballet Quahuitl... [et al.]. |
| 246 | 2 | |a Título en la pantalla: Contacto universitario: Takinkai: Un tributo a Coahuila | |
| 264 | |a Saltillo, México : |b Universidad Autónoma de Coahuila, |c fecha no identificada | ||
| 264 | |a México : |b ANUIES [distribución], |c 2010 | ||
| 300 | |a 1 DVD sin dato de región |c (34 min.) : |b sepia | ||
| 336 | |a imagen móvil bidimensional |b tdi |2 rdacontenido | ||
| 337 | |a video |b v |2 rdamedio | ||
| 338 | |a videodisco |b vd |2 rdasoporte | ||
| 440 | 1 | |a (Muestra Nacional de Televisión y Video de las Instituciones de Educación Superior ; |v 2010. |p Categoría Documental) | |
| 440 | 1 | |a (Muestra Nacional de Televisión y Video de las Instituciones de Educación Superior ; |v 2010. |p UAdeC) | |
| 520 | |a Conjunto de ocho interpretaciones de Takinkai, grupo folklórico formado en 1978, de música popular coahuilense, acompañados de varias compañías de danza: 1) "Rosita Alvírez", corrido; 2) "Jarabe pateño", originario de la antigua Hacienda de Patos; 3) "Que le echen agua", redova de dominio popular; 4) "De Torreón a Lerdo", polca del zacatecano Pioquinto González; 5) "Parras Paila", composición de Higinio González Ortiz; 6) "Cuadrillas"; 7) "Bella Italia", polca, y 8) "San Buenaventura". Los colectivos de baile participantes son (es mencionado entre paréntesis el número de la pieza interpretada): Ballet Quahuitl (1 y 3); Ballet Folklórico del Estado de Coahuila (2); Ballet Folklórico de la Universidad Autónoma de Coahuila, Unidad Torreón (4 y 6); Ballet Folklórico del Ateneo Fuente (5); Ballet Quetzalcóatl del CBTIS 36 de Monclova, Coahuila (7) y Grupo Xochipitzahuatl (8). | ||
| 520 | |a Suplementos y características especiales: ninguna. | ||
| 649 | |a XX | ||
| 650 | |a Banda (de Jazz, Rock, etc.) | ||
| 650 | |a Compañías de Danza | ||
| 650 | |a Corridos (Música) - |z Coahuila | ||
| 650 | |a Jarabe (Música) - |z Coahuila | ||
| 650 | |a Redova - |z Coahuila | ||
| 650 | |a Polca - |z Coahuila | ||
| 650 | |a Cuadrilla - |z Coahuila | ||
| 650 | |a Danza Folklórica - |z Coahuila - |x Tema Principal | ||
| 650 | |a Danza Folklórica - |z México | ||
| 650 | |a Danza Mexicana | ||
| 650 | |a Música Folklórica - |z Coahuila - |x Tema Principal | ||
| 650 | |a Música Folklórica - |z México | ||
| 650 | |a Música Mexicana | ||
| 711 | |a Reunión Nacional de la Red de Televisión y Video de las Instituciones de Educación Superior ( |n 16a : |d 2010 : |c Universidad Juárez Autónoma de Tabasco) | ||
| 711 | |a Muestra Nacional de Televisión y Video de las Instituciones de Educación Superior ( |n 12a : |d 2010 : |c Universidad Juárez Autónoma de Tabasco) | ||
| 700 | |a Ballet Quahuitl |e (ejecución dancística) | ||
| 700 | |a Ballet Folklórico del Estado de Coahuila |e (ejecución dancística) | ||
| 700 | |a Ballet Folklórico de la Universidad Autónoma de Coahuila |b Unidad Torreón |e (ejecución dancística) | ||
| 700 | |a Ballet Folklórico del Ateneo Fuente |e (ejecución dancística) | ||
| 700 | |a Ballet Quetzalcóatl del CBTIS 36 de Monclova, Coahuila |e (ejecución dancística) | ||
| 700 | |a Grupo Xochipitzahuatl |e (ejecución dancística) | ||
| 700 | |a Cavazos Pina, Alberto |e (fotógrafo) | ||
| 700 | |a Gómez Rodríguez, Salvador Iván |e (montaje) | ||
| 700 | |a Vázquez Avalos, Osvaldo |e (montaje) | ||
| 910 | |a Fondo General | ||
| 920 | |a Audiovisuales - DVDs | ||
| 940 | |a DVDs y Videos de Danza | ||
| 905 | |a 302 | ||
| 901 | |a 0500231790 |b IT2 |c DVS |i D63220 |u 20250521 | ||
| 902 | |a https://opac.biblio.iteso.mx/vufind/Record/000342119 | ||